000
00262nam a2200109Ia 4500
005
20251222143314.0
008
251222s9999||||xx |||||||||||||| ||spa||
082
_a
808.803/M86
100
_a
"Morales, MarĂa Luz"
245
0
_a
La leyenda de Sigfrido
942
_c
LIB
999
_c
15838
_d
15838